Blink : (Record no. 21561)

MARC details
000 -CABECERA
campo de control de longitud fija 01036nam a2200301 4500
003 - IDENTIFICADOR DEL NÚMERO DE CONTROL
campo de control OSt
005 - FECHA Y HORA DE LA ÚLTIMA TRANSACCIÓN
campo de control 20260601193844.0
008 - DATOS DE LONGITUD FIJA--INFORMACIÓN GENERAL
campo de control de longitud fija 260422b2017 mx ||||| |||| 00| 0 spa d
020 ## - NÚMERO INTERNACIONAL ESTÁNDAR DEL LIBRO
Número Internacional Estándar del Libro 9786073150118
040 ## - FUENTE DE LA CATALOGACIÓN
Centro catalogador/agencia de origen ICI
Lengua de catalogación spa
Centro/agencia transcriptor ICI
041 ## - CÓDIGO DE LENGUA
Código de lengua del texto/banda sonora o título independiente spa
050 ## - SIGNATURA TOPOGRÁFICA DE LA BIBLIOTECA DEL CONGRESO
Número de clasificación BF448
Número de documento/Ítem G53318 2017
100 #1 - ENTRADA PRINCIPAL--NOMBRE DE PERSONA
Nombre de persona Gladwell, Malcolm,
Fechas asociadas al nombre 1963-
Término indicativo de función/relación autor
240 #1 - TÍTULO UNIFORME
Título uniforme Blink. The power of thinking without thinking.
Lenguaje de la obra Español
245 #1 - MENCIÓN DE TÍTULO
Título Blink :
Resto del título inteligencia intuitiva : ¿por qué sabemos la verdad en dos segundos? /
Mención de responsabilidad, etc. Malcolm Gladwell ; traducción de Gloria Mengual.
246 ## - FORMA VARIANTE DE TÍTULO
Título propio/Titulo breve Inteligencia intuitiva
250 ## - MENCIÓN DE EDICIÓN
Mención de edición Primera edición, primera reimpresión.
264 ## - PRODUCCIÓN, PUBLICACIÓN, DISTRIBUCIÓN, FABRICACIÓN Y COPYRIGHT
Producción, publicación, distribución, fabricación y copyright Ciudad de México :
Nombre del de productor, editor, distribuidor, fabricante Penguin Random House Grupo Editorial,
Fecha de producción, publicación, distribución, fabricación o copyright 2017
300 ## - DESCRIPCIÓN FÍSICA
Extensión 328 páginas
Dimensiones 18.8 cm
336 ## - TIPO DE CONTENIDO
Término de tipo de contenido texto
Fuente rdacontent
337 ## - TIPO DE MEDIO
Nombre/término del tipo de medio sin medio
Fuente rdamedia
338 ## - TIPO DE SOPORTE
Nombre/término del tipo de soporte volumen
Fuente rdacarrier
490 #1 - MENCIÓN DE SERIE
Mención de serie Debolsillo. Best seller
650 ## - PUNTO DE ACCESO ADICIONAL DE MATERIA--TÉRMINO DE MATERIA
Término de materia o nombre geográfico como elemento de entrada Toma de decisiones
650 ## - PUNTO DE ACCESO ADICIONAL DE MATERIA--TÉRMINO DE MATERIA
Término de materia o nombre geográfico como elemento de entrada Intuición
700 #1 - PUNTO DE ACCESO ADICIONAL--NOMBRE DE PERSONA
Nombre de persona Mengual, Gloria,
Término indicativo de función/relación traductor
9 (RLIN) 31160
942 ## - ELEMENTOS DE PUNTO DE ACCESO ADICIONAL (KOHA)
Fuente del sistema de clasificación o colocación Library of Congress Classification
Tipo de ítem Koha Libros
Holdings
Estado de retiro Estado de pérdida Fuente del sistema de clasificación o colocación Estado dañado No para préstamo Localización permanente Ubicación/localización actual Fecha de adquisición Total de préstamos Signatura topográfica completa Código de barras Fecha visto por última vez Número de copia Precio válido a partir de Tipo de ítem Koha
El ejemplar forma parte de la colección y puede ser consultado según las políticas vigentes.   Library of Congress Classification     Biblioteca de Diseño Museo Franz Mayer Biblioteca de Diseño Museo Franz Mayer 22/04/2026   BF448 G53318 2017 BDIMFM000125 22/04/2026 Ej. 1 22/04/2026 Libros